Makers of world history (Vol-II) / (Record no. 186138)
[ view plain ]
| 000 -LEADER | |
|---|---|
| fixed length control field | 01217 a2200229 4500 |
| 003 - CONTROL NUMBER IDENTIFIER | |
| control field | NUST |
| 005 - DATE AND TIME OF LATEST TRANSACTION | |
| control field | 20230127183549.0 |
| 010 ## - LIBRARY OF CONGRESS CONTROL NUMBER | |
| LC control number | 90063556 |
| 020 ## - INTERNATIONAL STANDARD BOOK NUMBER | |
| International Standard Book Number | 0312062737 (v. 1) |
| 020 ## - INTERNATIONAL STANDARD BOOK NUMBER | |
| International Standard Book Number | 0312062745 (v. 2) |
| 040 ## - CATALOGING SOURCE | |
| Transcribing agency | Nust |
| 082 00 - DEWEY DECIMAL CLASSIFICATION NUMBER | |
| Classification number | 909,MAK |
| 245 00 - TITLE STATEMENT | |
| Title | Makers of world history (Vol-II) / |
| Statement of responsibility, etc. | J. Kelley Sowards, editor. |
| 260 ## - PUBLICATION, DISTRIBUTION, ETC. | |
| Place of publication, distribution, etc. | New York : |
| Name of publisher, distributor, etc. | St. Martin's Press, |
| Date of publication, distribution, etc. | c1992. |
| 300 ## - PHYSICAL DESCRIPTION | |
| Extent | 334 p.; |
| Other physical details | ill. ; |
| Dimensions | 23 cm. |
| 490 ## - SERIES STATEMENT | |
| Volume/sequential designation | II |
| 505 ## - FORMATTED CONTENTS NOTE | |
| Formatted contents note | Akbar: The Great Moghul (Page-1), Tokugawa Ieyasu Shogun: The old Badger (Page-23), Shah Abbas 1: The Great King of Kings (Page-43), Peter the Great an the Westernization of Russia (Page-67), Napoleon Child or Betrayer of the Revolution (Page-91), Shaka Zulu Black Napoleon (Page-115), Cecil Rhodes and the Dream of Empire (Page-137) V. I. Lenin Anotomy of a Revolutionary (Page-161), Adolf Hilter Nightmare of our Century (Page-185), Albert Einstein and the Atomic Age (Page-209), Mahatma Gandhi (Page-237), Mao Tse Tung The Peoples Emperor (Page-261), Joomo Kenyatta (Page-287), Margaret Thatcher (Page-311). |
| 650 #0 - SUBJECT ADDED ENTRY--TOPICAL TERM | |
| Topical term or geographic name entry element | Biography. |
| 9 (RLIN) | 461 |
| 650 #0 - SUBJECT ADDED ENTRY--TOPICAL TERM | |
| Topical term or geographic name entry element | World history. |
| 700 1# - ADDED ENTRY--PERSONAL NAME | |
| Personal name | Sowards, J. Kelley |
| Dates associated with a name | 1924- |
| 9 (RLIN) | 107962 |
| 942 ## - ADDED ENTRY ELEMENTS (KOHA) | |
| Source of classification or shelving scheme | |
| Koha item type | Book |
| Call number prefix | 909,MAK |
| Withdrawn status | Lost status | Source of classification or shelving scheme | Damaged status | Not for loan | Collection code | Permanent Location | Current Location | Date acquired | Total Checkouts | Full call number | Barcode | Date last seen | Price effective from | Koha item type | Shelving location | Public note |
|---|---|---|---|---|---|---|---|---|---|---|---|---|---|---|---|---|
| Military College of Signals (MCS) | Military College of Signals (MCS) | 12/12/2016 | 909 MAK | MCS830 | 12/08/2016 | 12/12/2016 | Book | |||||||||
| Military College of Signals (MCS) | Military College of Signals (MCS) | 12/12/2016 | 909,MAK | MCS831 | 12/08/2016 | 12/12/2016 | Book | General Stacks | Almirah No.58, Shelf No.3 |
